000 00468nam a2200181Ia 4500
008 240729s9999 xx 000 0 und d
022 _a2706-5952
245 0 _aPasser Journal
260 _aIraq
260 _bUniversity of Garmian
650 _a Biology (General) | Science
650 _a Chemistry
650 _a Physics | Science
650 _aScience
856 _uhttps://doaj.org/toc/f462fdb23e664d6ba91852bc81fb3772
942 _2ddc
942 _cDOAJEJ
999 _c72215
_d72215
945 _a1
_bMadushi Gamage
_c1
_dMadushi Gamage